00301nam a2200109Ia 4500008004100000041001200041245003600053260004800089440000900137650001500146650003000161240126s9999 xx 000 0 und d aEnglish 0aJournal of Human Values (2005 - bIndian Institute of ManagementaLos Angeles aNULL aManagement aValues,(2005,-,Management